000
00310nam a2200133Ia 4500
008
100328s9999 xx 000 0 und d
082
_b
55555
100
_a
देशपांडे पु.ल.
245
_a
दाद
260
_b
मौज
630
_a
दाद
730
_a
दाद
942
_c
BOOK
999
_c
542210
_d
542207